Các văn bản pháp luật về tổ chức tòa án nhân dân

Enregistré dans:
Détails bibliographiques
Auteur principal: Các văn bản pháp luật về tổ chức tòa án nhân dân
Format: Livre
Langue:Undetermined
Publié: Hà Nội Chính trị Quốc gia 2001
Tags: Ajouter un tag
Pas de tags, Soyez le premier à ajouter un tag!
Thư viện lưu trữ: Trung tâm Học liệu Trường Đại học Cần Thơ
LEADER 00649nam a2200157Ia 4500
001 CTU_46757
008 210402s9999 xx 000 0 und d
082 |a 347.5972 
082 |b C101/2001 
100 |a Các văn bản pháp luật về tổ chức tòa án nhân dân 
245 0 |a Các văn bản pháp luật về tổ chức tòa án nhân dân 
245 0 |c Các văn bản pháp luật về tổ chức tòa án nhân dân; Biên soạn: Lê Thu Hà 
260 |a Hà Nội 
260 |b Chính trị Quốc gia 
260 |c 2001 
980 |a Trung tâm Học liệu Trường Đại học Cần Thơ